| 000 | 00836cam a2200181 4500 | ||
|---|---|---|---|
| 001 | WB3825-13 | ||
| 008 | 020710n2002 000 0 eng u | ||
| 035 | _a(Sirsi) u118769 | ||
| 245 | _aEmployee liability support service approved | ||
| 260 | _c2002 | ||
| 490 |
_aRICS News Service _v1 July 2002, (1) |
||
| 520 | _aA majority of employed RICS members have approved new support service, which will offer advice and financial help, at a special general meeting on 1 July 2002. Service has been set up following "Merrett v Babb" case, and will benefit members facing personal liability claims. www.rics.org/ricscms/bin/show?class=News&template=/includes/shownews.html&id=2970 | ||
| 590 | _aWB | ||
| 650 | _aLIABILITY | ||
| 650 | _aPERSONAL LIABILITY | ||
| 690 | _aMANAGEMENT-BUSINESS MANAGEMENT-PROFESSIONAL PRACTICE | ||
| 942 | _n0 | ||
| 999 |
_c70706 _d70706 |
||